La delincuencia de los menores y los tribunales para niños (Registro nro. 299785)
[ vista simple ]
| 000 -ENCABEZADO | |
|---|---|
| Número de control [NR] | 01828nam a22002537a 4500 |
| 005 - FECHA Y HORA DE LA ÚLTIMA TRANSACCIÓN | |
| control field | 20150525111940.0 |
| 008 - DE LONGITUD FIJA DE DATOS DE ELEMENTOS - INFORMACIÓN GENERAL | |
| Elementos de longitud fija [NR] | 150525s1916 sp ||||fr|||| 00| 0 esp d |
| 040 ## - FUENTE DE CATALOGACION [NR] | |
| Quien Cataloga | Sandra Yazo |
| Quien Clasifica | Sandra Yazo |
| 041 0# - CODIGO DE IDIOMA [R] | |
| Código de idioma para texto/pista de sonido o título separado [R] | Español |
| 082 04 - NUMERO DE CLASIFICACION DECIMAL DEWEY [R] | |
| Número de la edición [NR] | 20 |
| Número de clasificación [R] | 345.08 |
| 092 ## - SIGNATURA TOPOGRAFICA LOCAL | |
| Número de clasificación local | E35N021 |
| 100 1# - ASIENTO PRINCIPAL--NOMBRE PERSONAL [NR] | |
| Nombre personal [NR] | Zarandieta Mirabent, Enrique |
| ID Autoridad | 69107 |
| 245 13 - MENCION DE TITULO [NR] | |
| Título [NR] | La delincuencia de los menores y los tribunales para niños |
| Mención de responsabilidad, etc. [NR] | por el doctor Enrique Zarandieta Mirabent ; Prólogo del Ilmo. ...Rafael Salillas |
| 260 ## - PUBLICACION, DISTRIBUCION, ETC. (PIE DE IMPRENTA) [R] | |
| Lugar de publicación, distribución, etc. [R] | Madrid (España) |
| Nombre del editor, distribuidor, etc. [R] | Imprenta clásica española |
| Fecha de publicación, distribución, etc. [R] | 1916 |
| 300 ## - DESCRIPCION FISICA [R] | |
| Extensión [R] | xv, 205 páginas |
| Dimensiones [R] | 19 x 13 cm. |
| 500 ## - NOTA GENERAL [R] | |
| Nota general [NR] | Detalles físicos: Encuadernación rígida en cartón forrada en papel. Lomo con nervaduras sobre costura, tejuelos y adornos en dorado. Guardas en papel de agua. Hoja de cortesía. Anteportada. Portada impresa en una sola tinta. Texto en una columna. Notas al pie de página. Papel muy manchado |
| 504 ## - NOTA DE BIBLIOGRAFIA, ETC. [R] | |
| Nota de bibliografía, etc. [NR] | Incluye referencias bibliográficas |
| 505 2# - NOTA DE CONTENIDO CON FORMATO PREESTABLECIDO [R] | |
| Nota de contenido con formato preestablecido [NR] | Al que leyere : Prólogo ; Unas palabras como preámbulo : Partes en que se divide la tesis ; Primera y segunda parte: La herencia ; EL alcoholismo ; El abandono de los menores ; LA falta de instrucción y educación moral ; Legislación positiva que regula la materia en España: Contenido de los códigos penal, civil, legislación general referente al menor ; Escuela de formas – Reformatorios ; Una visita a Alcalá de Henares ; Ocaña: Reformatorios de adultos -- Los tribunales para niños ; Ideas generales, tanto en la legislación europea como americana ; Objeciones que se han hecho a estos tribunales: Breve refutación |
| 506 ## - NOTA DE RESTRICCIONES DE ACCESO [R] | |
| Condiciones de acceso [NR] | Consulta en sala |
| 650 #7 - ASIENTO SECUNDARIO DE MATERIA - TERMINO TEMATICO [R] | |
| 9 (RLIN) | 12811 |
| Término temático o nombre geográfico como elemento de entrada [NR] | Derecho penal de menores |
| Subdivisión geográfica [R] | España |
| 650 #7 - ASIENTO SECUNDARIO DE MATERIA - TERMINO TEMATICO [R] | |
| 9 (RLIN) | 23310 |
| Término temático o nombre geográfico como elemento de entrada [NR] | Reformatorios |
| Subdivisión geográfica [R] | España |
| 690 ## - ASUNTO AGREGADO LOCAL DE ENTRADA - TÉRMINO TEMÁTICO (OCLC, RLIN) | |
| 9 (RLIN) | 42778 |
| Acceso temático local | Derecho penal |
| 942 ## - ELEMENTOS DE ENTRADA AGREGADOS (KOHA) | |
| Sistema de clasificación | LOCAL |
| Tipo de ítem principal el descrito en 300a | Libro |
| Edición | 1 |
| Clasificación | E35N021 |
| Suprimido | Perdido | Sistema de clasificación | Dañado | No prestable | Tipo de ítem específico | Ubicación habitual | Ubicación actual | Localización | Fecha de creación | Forma de adquisición | Costo | Total préstamos | Signatura topográfica | Código de barras | Última vez visto | Ejemplar | Price effective from | Tipo de ítem |
|---|---|---|---|---|---|---|---|---|---|---|---|---|---|---|---|---|---|---|
| LOCAL | Libro archivo | Archivo Histórico | Archivo Histórico | Archivo histórico | 25/05/2015 | Donación | 0.00 | E35N021 | L004863 | 25/05/2015 | Ej.1 | 25/05/2015 | Libro |